| 000 | 00545nam a22001817a 4500 | ||
|---|---|---|---|
| 999 |
_c1322 _d1322 |
||
| 003 | AR-CdUCM | ||
| 008 | 190226b ||||| |||| 00| 0 spa d | ||
| 040 |
_aMUNICIPALIDAD PROVINCIAL DEL CUSCO _cBIBLIOTECA MUNICIPAL DEL CUSCO |
||
| 082 |
_a869.5 / _bN87 |
||
| 100 |
_aNoël Moral, Juan _95083 |
||
| 245 | _aConciencias : Despertad! / | ||
| 260 |
_aLima : _bImprenta Editora Perez Pacussich, |
||
| 300 |
_a85 páginas ; _c21 cm. |
||
| 650 |
_aLiteratura peruana _9169 |
||
| 650 |
_aPoesía peruana _9806 |
||
| 942 |
_2ddc _cLIBROS |
||
| 945 | _azta | ||